Química Org nica / Norman L, Allinger (Registro nro. 21250)

Detalles MARC
000 -LÍDER
fixed length control field 00452nam a2200169 4500
008 - ELEMENTOS DE LONGITUD FIJA -- INFORMACIÓN GENERAL
fixed length control field 01978 1979 0a 000 0Esp
020 ## - NÚMERO INTERNACIONAL NORMALIZADO PARA LIBROS
ISBN 84-291-7015-4
050 ## - SIGNATURA TOPOGRAFICA DE LA BIBLIOTECA DEL CONGRESO (LC)
Número de Clasificación QD251.2 A437 T.II
082 ## - NUMERO DE CLASIFICACION DECIMAL DEWEY
Número de Clasificación 547 A692q T.II
100 ## - ASIENTO PRINCIPAL--NOMBRE PERSONAL
Nombre personal Allinger, Norman L
245 ## - TÍTULO
Título Química Org nica / Norman L, Allinger
250 ## - MENCIÓN DE EDICIÓN
Mención de edición 2
260 ## - PUBLICACIÓN, DISTRIBUCIÓN, ETC. (PIE DE IMPRENTA)
Lugar de publicación, distribución, etc. España : Reverte
300 ## - DESCRIPCIÓN FÍSICA
Extensión 728 p. / 23cm.
650 ## - ASIENTO SECUNDARIO DE MATERIA - TERMINO TEMÁTICO
Término temático o nombre geográfico como elemento de entrada 1. QUIMICA ORGANICA
700 ## - ASIENTO SECUNDARIO - NOMBRE PERSONAL
Nombre personal Cava, Michael P.
Existencias
No. biblioteca No. biblioteca Número de clasificación Código de barras/Número de adquisición Número de copia Tipo de material
LUIS G. INCLAN LUIS G. INCLAN 547 A692q T.II 4571 1 Libros
LUIS G. INCLAN LUIS G. INCLAN 547 A692q T.II 25991 7 Libros
LUIS G. INCLAN LUIS G. INCLAN 547 A692q T.II 25992 8 Libros
LUIS G. INCLAN LUIS G. INCLAN 547 A692q T.II 25994 10 Libros
LUIS G. INCLAN LUIS G. INCLAN 547 A692q T.II 10827 3 Libros
LUIS G. INCLAN LUIS G. INCLAN 547 A692q T.II 25998 9 Libros
LUIS G. INCLAN LUIS G. INCLAN 547 A692q T.II 25995 6 Libros
LUIS G. INCLAN LUIS G. INCLAN 547 A692q T.II 4570 2 Libros
LUIS G. INCLAN LUIS G. INCLAN 547 A692q T.II 14795 3 Libros
LUIS G. INCLAN LUIS G. INCLAN 547 A692q T.II 4569 1 Libros
LUIS G. INCLAN LUIS G. INCLAN 547 A692q T.II 10828 2 Libros
Calzada Tecnológico # 27, Zacatepec, Morelos.
01(734) 343-07-23 / 343-21-10 / 343-21-11
Apdo. Postal 45 C.P 62780